English for international tourism : Teachers resource book /
Đã lưu trong:
| Príomhúdar: | |
|---|---|
| Údair Eile: | |
| Formáid: | Sách giấy |
| Teanga: | English |
| Foilsithe: |
England :
Longman,
2007.
|
| Ábhair: | |
| Clibeanna: |
Cuir Clib Leis
Gan Chlibeanna, Bí ar an gcéad duine leis an taifead seo a chlibeáil!
|
| Thư viện lưu trữ: | Thư viện Trường Đại học Đà Lạt |
|---|
| LEADER | 00801nam a2200325 4500 | ||
|---|---|---|---|
| 001 | DLU110120902 | ||
| 005 | ##20110509 | ||
| 040 | # | # | |a DLU |b vie |
| 041 | # | # | |a eng |
| 044 | # | # | |a vn |
| 082 | # | # | |a 428 |b JA-M |
| 100 | # | # | |a Jacob, Miriam. |
| 245 | # | # | |a English for international tourism : |b Teachers resource book / |c Miriam Jacob, Peter Strutt. |
| 260 | # | # | |a England : |b Longman, |c 2007. |
| 300 | # | # | |a 49 tr. ; |c 27 cm. |
| 653 | # | # | |a English language |
| 653 | # | # | |a Textbook for foreign speakers |
| 653 | # | # | |a Tourism English |
| 700 | # | # | |a Strutt, Peter. |
| 923 | # | # | |a 01/2011NN |
| 991 | # | # | |a GT |
| 992 | # | # | |a 350000 |
| 994 | # | # | |a KNN |
| 900 | # | # | |a True |
| 911 | # | # | |a Đào Thị Thu Huyền |
| 925 | # | # | |a G |
| 926 | # | # | |a A |
| 927 | # | # | |a SH |
| 980 | # | # | |a Thư viện Trường Đại học Đà Lạt |